Normal view
MARC view
Entry Personal Name
001 - CONTROL NUMBER
- control field: 52701
003 - CONTROL NUMBER IDENTIFIER
- control field: OSt
005 - DATE AND TIME OF LATEST TRANSACTION
- control field: 20220722141357.0
008 - FIXED-LENGTH DATA ELEMENTS
- fixed length control field: 220722|| aca||aabn | a|a d
040 ## - CATALOGING SOURCE
- Original cataloging agency: OSt
- Transcribing agency: OSt
100 ## - HEADING--PERSONAL NAME
- Personal name: B Virupakshappa
670 ## - SOURCE DATA FOUND
- Source citation: Work cat.: (OSt)221129: B Virupakshappa , Basava and His Teachings, 2002